Todo cabe en una caja /
-д хадгалсан:
| Үндсэн зохиолч: | |
|---|---|
| Формат: | Цахим Цахим ном |
| Хэл сонгох: | испани франц |
| Хэвлэсэн: |
Ciudad de México :
Fondo de Cultura Económica,
2024.
|
| Хэвлэл: | Primera edición en libro electrónico. |
| Цуврал: | Espectrográfica.
|
| Нөхцлүүд: | |
| Онлайн хандалт: | Digitalia Hispánica |
| Шошгууд: |
Шошго нэмэх
Шошго байхгүй, Энэхүү баримтыг шошголох эхний хүн болох!
|
MARC
| LEADER | 00000nam a2200000Ii 4500 | ||
|---|---|---|---|
| 001 | DIGFCE2666 | ||
| 003 | NyNyDIG | ||
| 006 | m o d | ||
| 007 | cr ||||||||||| | ||
| 008 | 250204s2024 mx a o 000 f spa d | ||
| 035 | |a (OCoLC)1446464367 | ||
| 040 | |a DGITA |b eng |e rda |e pn |c DGITA | ||
| 020 | |a 9786071684097 |q (electrónico-pdf) | ||
| 020 | |z 9786071683106 |q (rústico) | ||
| 041 | 1 | |a spa |h fre | |
| 050 | 1 | 4 | |a PZ7.1.M363 ebook |
| 100 | 1 | |a Manceau, Édouard, |d 1969- |e author. | |
| 240 | 1 | 0 | |a C'est dans la boite. |l Spanish |
| 245 | 1 | 0 | |a Todo cabe en una caja / |c Édouard Manceau. |
| 250 | |a Primera edición en libro electrónico. | ||
| 264 | 1 | |a Ciudad de México : |b Fondo de Cultura Económica, |c 2024. | |
| 300 | |a 1 online resource : |b illustrations. | ||
| 336 | |a still image |b sti |2 rdacontent | ||
| 337 | |a computer |b c |2 rdamedia | ||
| 338 | |a online resource |b cr |2 rdacarrier | ||
| 347 | |a text file |2 rdaft | ||
| 347 | |b PDF | ||
| 490 | 1 | |a Espectrográfica | |
| 588 | 0 | |a Online resource; title from PDF title page (Digitalia, viewed February 4, 2025) | |
| 655 | 7 | |a Graphic novels. |2 lcgft | |
| 700 | 1 | |i Translation of: |a Manceau, Édouard, 1969- |t C'est dans la boite. | |
| 791 | 2 | |a Digitalia (Firm), |e distributor. | |
| 793 | 0 | |g Digitalia eBook Collection: |a Fondo de Cultura Económica | |
| 776 | 0 | 8 | |i Print version: |a Manceau, Édouard, 1969- |s C'est dans la boite. Spanish. |t Todo cabe en una caja. |b Primera edición en español. |d Ciudad de México : Fondo de Cultura Económica, 2024 |z 9786071683106 |
| 830 | 0 | |a Espectrográfica. | |
| 856 | 4 | 0 | |3 Digitalia Hispánica |u https://digitalia.unach.elogim.com/a/162233/ |
| 910 | |a Premium collection: 2025 | ||